000 00617nam a2200217 a 4500
999 _c11941
_d11941
001 11941
003 BD-JhCC
005 20201209105705.0
008 201209b20192020bg a|||| ||a| 00| 0 mul d
035 _a(BD-JhCC)11941
040 _aBD-JhCC
_dBD-JhCC
041 _amul
082 _a004
_bHOS 2020
100 _aHossain, Monir
245 _aপ্রফেশনাল এক্সেল /
_cমোঃ মনির হোসেন ।
260 _aঢাকা:
_bরেড বুক;
_c২০২০.
300 _a180 p. :
_bill;
_c21 cm.
650 _a Computer Science
942 _2ddc
_cBK